000 00544nam a2200169 a 4500
001 000042485
005 20201002040201.0
008 131204s2008 dr 000 0 spa d
020 _a9789945001396
040 _aDO-SdBNP
_bspa
_cBNPHU
100 1 _aBrenes, Rafael
_cCholo
_969676
245 1 0 _aMás allá del artista. /
_cRafael Brenes, Kevin Martínez.
260 _aSanto Domingo, :
_bMediabyte,
_c2008.
300 _a215 p. ;
_c23 cm.
500 _aIncluye datos biografícos de los autores en las solapas
700 1 _aMartínez, Kevin
_969677
999 _c41974
_d41974